书目信息 |
| 题名: |
电子商务原理及应用
|
|
| 作者: | 龚尚福 主编 | |
| 分册: | ||
| 出版信息: | 西安 西安交通大学出版社 2003.05 |
|
| 页数: | 200页 | |
| 开本: | 26cm | |
| 丛书名: | ||
| 单 册: | ||
| 中图分类: | F713.36 | |
| 科图分类: | ||
| 主题词: | 商业经济--国内 | |
| 电子资源: | ||
| ISBN: | 7-5605-1636-X | |
| 000 | 00573nam0 2200193 45 | |
| 001 | 0435324750 | |
| 005 | 2004042709484373 | |
| 010 | @a7-5605-1636-X@dCNY 18.00 | |
| 100 | @a20040427d2003 km y0chiy0120 ea | |
| 101 | 0 | @achi |
| 102 | @aCN@b610000 | |
| 200 | 1 | @a电子商务原理及应用@ADian Zi Shang Wu Yuan Li Ji Ying Yong@f龚尚福主编@FGong Shang Fu Zhu Bian |
| 210 | @a西安@c西安交通大学出版社@d2003.05 | |
| 215 | @a200页@d26cm | |
| 606 | 0 | @a商业经济@x国内 |
| 690 | @aF713.36@v3 | |
| 701 | 0 | @a龚尚福@AGong Shang Fu@4主编 |
| 801 | 0 | @aCN@bPFT@c20040427 |
| 905 | @dF713.36@eG389 | |
| 电子商务原理及应用/龚尚福主编.-西安:西安交通大学出版社,2003.05 |
| 200页;26cm |
| ISBN 7-5605-1636-X:CNY 18.00 |
| ● |
| 相关链接 |
|
|
|
正题名:电子商务原理及应用
索取号:F713.36/G389
 
预约/预借
| 序号 | 登录号 | 条形码 | 馆藏地/架位号 | 状态 | 备注 |
| 1 | 382426 | 203824264 | 社科库409/409社科库 41排6列1层/ [索取号:F713.36/G389] | 在馆 | |
| 2 | 382427 | 203824273 | 社科库409/409社科库 41排6列1层/ [索取号:F713.36/G389] | 在馆 | |
| 3 | 382428 | 203824282 | 社科二线422/409社科库 41排6列1层/ [索取号:F713.36/G389] | 在馆 |